000 01144nam a2200265 i 4500
001 168892
003 ES-MaACL
005 20240515063128.0
008 080619s1901 sp |||| | spa d
040 _cES-MaACL
080 _a342.8
100 1 _aMoret, Segismundo,
_d1833-1913
_9162747
_eaut
245 1 0 _aDiscurso leído por el Excmo. Sr. D. Segismundo Moret el día 16 de febrero de 1901 en el Ateneo Científico, Literario y Artístico de Madrid, con motivo de la apertura de sus cátedras.
260 _aMadrid :
_b[s.n.],
_c1901
_f(Est. Tip. Sucesores de Rivadeneyra)
300 _a40 páginas ;
_c22 cm.
530 _aDisponible en formato digital
594 _aTema: La proporcionalidad electoral según la ley belga de 29 de diciembre de 1893.
610 2 4 _aAteneo de Madrid-
_vDiscursos de apertura-
_yS.XX.
_91913
650 7 _aSistema electoral
_9155006
852 _aES-MaACL
_cSPB
_jB-1628(5)
856 _uhttp://bdh-rd.bne.es/viewer.vm?id=0000247113&page=1
_yVersión en línea
_z(Biblioteca Digital Hispánica)
942 _cMONOGRAFIA
_n0
999 _c168892
_d168892